000 00910nam a2200253Ia 4500
003 OSt
005 20220923220817.0
006 a|||||r|||| 00| 0
007 ta
008 220922b |||||||| |||| 00| 0 hin d
024 _a190,713
037 _cTextual
040 _aARTS
_cARTS
_bhin
041 _2hin
_ahin
082 _aR6-1, 152L6
100 _aबारलिंगे, सुरेन्द्र
_9156299
245 0 _aभारतीय तर्कशास्त्र की रूपरेखा
246 _aBhāratīya tarkashāstra kī rūparekhā
260 _aजयपुर
_b राजस्थान हिन्दी ग्रंथ अकादमी
_c1976
300 _a229पृ.
_ccm.
650 _aभारतीय दर्शन
942 _hR6-1, 152L6
_cTEXL
_2CC
999 _c343485
_d343485